000 00561nam a2200229Ia 4500
003 OSt
005 20220918173833.0
006 a|||||r|||| 00| 0
007 ta
008 220917b |||||||| |||| 00| 0 eng d
024 _a8,617
037 _cTextual
040 _aARTS
_cARTS
_beng
041 _2eng
_aeng
082 _a9z7, K4.2
110 _aBanaras Hindu University
_947794
245 0 _aExtension lectures
260 _c1962
700 _aBanaras Hindu University
_947795
942 _h9z7, K4.2
_cTEXL
_2CC
999 _c150375
_d150375